WHO WILL CRY WHEN YOU DIE (Record no. 23364)

MARC details
000 -LEADER
fixed length control field 00339nam a22001337a 4500
003 - CONTROL NUMBER IDENTIFIER
control field SGT
020 ## - INTERNATIONAL STANDARD BOOK NUMBER
International Standard Book Number 9788179922323
082 ## - DEWEY DECIMAL CLASSIFICATION NUMBER
Classification number 158.1
Item number SHA
100 ## - MAIN ENTRY--PERSONAL NAME
Personal name SHARMA ROBIN
245 ## - TITLE STATEMENT
Title WHO WILL CRY WHEN YOU DIE
Remainder of title LIFE LESSONS FROM THE MONK WHO SOLD HIS FERRARI
260 ## - PUBLICATION, DISTRIBUTION, ETC. (IMPRINT)
Place of publication, distribution, etc MUMBAI
Name of publisher, distributor, etc JAICO BOOKS
Year of Publication 2022
300 ## - PAGE DESCRIPTION
No. of Pages 225
942 ## - ADDED ENTRY ELEMENTS (KOHA)
Source of classification or shelving scheme Dewey Decimal Classification
Koha item type Books
942 ## - ADDED ENTRY ELEMENTS (KOHA)
-- 12
Holdings
Withdrawn status Lost status Source of classification or shelving scheme Damaged status Not for loan Collection code Home library Current library Shelving location Date acquired Vendor Name Cost, normal purchase price SGTU Bill Number Total Checkouts Full call number Accession No. (Barcode) Date last seen Date last borrowed Bill Date Koha item type
    Dewey Decimal Classification     LAW SGT Science & Social Sciences Library SGT Science & Social Sciences Library Text Book 28/09/2022 COMMERCIAL BOOK HOUSE 225.00 SGTU 1331 14 158.1 SHA FL2939 25/11/2025 11/11/2025 08/09/2022 Books